00765cam a2200193 a 4500020001500000040000800015082002600023100001900049245005400068260003000122300003400152650002800186856006000214856006700274856005900341942000700400999001700407952014700424 a0471209821 cUKM00a332 WIL 2002 A075 Or.1 aWoodson, Hart.10aGlobal convertible investing :bthe Gabelli way / aNew York :bWiley,c2002. axxx, 338 p. :bill. ;c24 cm. 0aConvertible securities.42uhttp://www.loc.gov/catdir/bios/wiley044/2002278950.html42uhttp://www.loc.gov/catdir/description/wiley036/2002278950.html41uhttp://www.loc.gov/catdir/toc/wiley022/2002278950.html cEK c15378d15378 0010406332_000000000000000_WIL_2002_A075_OR70968500aLBAbLBAcA075d2017-11-20o332 WIL 2002 A075 Or.pA07558r2017-11-20w2017-11-20yEK